Nadharia za uhakiki wa fasihi / (Record no. 1119)

000 -LEADER
fixed length control field 00881cam a22002777a 4500
001 - CONTROL NUMBER
control field 15644071
003 - CONTROL NUMBER IDENTIFIER
control field OSt
005 - DATE AND TIME OF LATEST TRANSACTION
control field 20140116120846.0
008 - FIXED-LENGTH DATA ELEMENTS--GENERAL INFORMATION
fixed length control field 090303s2007 ke b 000 0 swa
010 ## - LIBRARY OF CONGRESS CONTROL NUMBER
LC control number 2009349187
020 ## - INTERNATIONAL STANDARD BOOK NUMBER
International Standard Book Number 9966226311
040 ## - CATALOGING SOURCE
Original cataloging agency DLC
Transcribing agency DLC
042 ## - AUTHENTICATION CODE
Authentication code lcode
050 00 - LIBRARY OF CONGRESS CALL NUMBER
Classification number PL 8703.5 .W3 2007 C.3
100 1# - MAIN ENTRY--PERSONAL NAME
Personal name Wafula, Richard M.
245 10 - TITLE STATEMENT
Title Nadharia za uhakiki wa fasihi /
Statement of responsibility, etc Richard M. Wafula, Kimani Njogu.
260 ## - PUBLICATION, DISTRIBUTION, ETC. (IMPRINT)
Place of publication, distribution, etc Nairobi :
Name of publisher, distributor, etc Jomo Kenyatta Foundation,
Date of publication, distribution, etc 2007.
300 ## - PHYSICAL DESCRIPTION
Extent vi, 132 p. ;
Dimensions 21 cm.
504 ## - BIBLIOGRAPHY, ETC. NOTE
Bibliography, etc Includes bibliographical references (p. 126-132).
520 ## - SUMMARY, ETC.
Summary, etc Theory of literary criticism.
546 ## - LANGUAGE NOTE
Language note In Swahili.
700 1# - ADDED ENTRY--PERSONAL NAME
Personal name Njogu, Kimani.
906 ## - LOCAL DATA ELEMENT F, LDF (RLIN)
a 7
b cbc
c origode
d 3
e ncip
f 20
g y-gencatlg
942 ## - ADDED ENTRY ELEMENTS (KOHA)
Source of classification or shelving scheme
Koha item type Book
Holdings
Withdrawn status Lost status Source of classification or shelving scheme Damaged status Not for loan Home library Current library Date acquired Total Checkouts Total Renewals Full call number Barcode Date last seen Date checked out Copy number Price effective from Koha item type Shelving location Checked out
          Riara University Library Riara University Library 19/03/2013 6 2 PL 8703.5 .W3 2007 3752/12 16/06/2021 08/08/2019 C.1 19/03/2013 Book    
          Riara University Library Riara University Library 19/03/2013 5   PL 8703.5 .W3 2007 3754/12 12/11/2019 25/10/2019 C.2 19/03/2013 Book    
          Riara University Library Riara University Library 19/03/2013 5 3 PL 8703.5 .W3 2007 3753/12 25/08/2017 22/08/2017 C.3 19/03/2013 Book    
          Riara University Library Riara University Library 16/04/2013 4 1 PL 8703.5 .W3 2007 3955/13 24/10/2019 08/10/2019 C.6 16/04/2013 Book on Shortloan Short Loan  
          Riara University Library Riara University Library 16/04/2013 2 2 PL 8703.5 .W3 2007 3954/13 08/03/2018 08/03/2018 C.5 16/04/2013 Book   16/04/2019
          Riara University Library Riara University Library 16/04/2013 3   PL 8703.5 .W3 2007 3956/13 25/10/2019 08/10/2019 C.4 16/04/2013 Book    

Riara University Library,
P.O. Box 49940-00100,
Nairobi, Kenya.